000 00836cam a22002532 4500
001 0000004508
005 20151217145812.0
008 070524s xx 000 0 eng d
020 _a8176355003 :
_cKES 2,700
040 _aKABU
_cKABU
050 0 _aQA76.9
_b.W39 2001
100 1 _aWaymire, Richard.
_@0000155103
245 1 0 _aSams teach yourself Microsoft SQL Server 2000 in 21 days /
_cRichard Waymire, Rick Sawtell.
260 _aNew Delhi :
_bTechmedia,
_c2001.
300 _axxi, 850 p.
650 0 _aSQL Server.
_@0000154536
650 0 _aRelational databases.
_@0000154543
700 1 _aSawtell, Rick.
_@0000155104
908 _a070524
950 _@1
999 _c2743
_d2743